Quantitative analysis for management / (Record no. 267)
[ view plain ]
| 000 -LEADER | |
|---|---|
| fixed length control field | 01075cam a2200289 a 4500 |
| 003 - CONTROL NUMBER IDENTIFIER | |
| control field | BD-DhUIB |
| 005 - DATE AND TIME OF LATEST TRANSACTION | |
| control field | 20210603112742.0 |
| 008 - FIXED-LENGTH DATA ELEMENTS--GENERAL INFORMATION | |
| fixed length control field | 960920s1997 ilua b 001 0 eng |
| 020 ## - INTERNATIONAL STANDARD BOOK NUMBER | |
| International Standard Book Number | 0256140219 |
| 040 ## - CATALOGING SOURCE | |
| Original cataloging agency | DLC |
| Transcribing agency | DLC |
| Modifying agency | BD-DhUIB |
| 082 00 - DEWEY DECIMAL CLASSIFICATION NUMBER | |
| Classification number | 658.4033 |
| Edition number | 20 |
| 100 1# - MAIN ENTRY--PERSONAL NAME | |
| Personal name | Bonini, Charles P. |
| 9 (RLIN) | 533 |
| 245 10 - TITLE STATEMENT | |
| Title | Quantitative analysis for management / |
| Statement of responsibility, etc. | by Charles P. Bonini, Warren H. Hausman, Harold Bierman Jr. |
| 250 ## - EDITION STATEMENT | |
| Edition statement | 9th ed. |
| 260 ## - PUBLICATION, DISTRIBUTION, ETC. | |
| Place of publication, distribution, etc. | Chicago : |
| Name of publisher, distributor, etc. | Irwin, |
| Date of publication, distribution, etc. | c1997. |
| 300 ## - PHYSICAL DESCRIPTION | |
| Extent | xii, 540 p. : |
| Other physical details | ill. ; |
| Dimensions | 26 cm. |
| 500 ## - GENERAL NOTE | |
| General note | Rev. ed. of: Quantitative analysis for business decisions / Harold Bierman. 8th. ed. c1991. |
| 504 ## - BIBLIOGRAPHY, ETC. NOTE | |
| Bibliography, etc. note | Includes bibliographical references and index. |
| 526 ## - STUDY PROGRAM INFORMATION NOTE | |
| Program name | MBA. |
| 650 #0 - SUBJECT ADDED ENTRY--TOPICAL TERM | |
| Topical term or geographic name entry element | Industrial management |
| General subdivision | Mathematical models. |
| 9 (RLIN) | 534 |
| 650 #0 - SUBJECT ADDED ENTRY--TOPICAL TERM | |
| Topical term or geographic name entry element | Decision making |
| General subdivision | Mathematical models. |
| 9 (RLIN) | 535 |
| 650 #0 - SUBJECT ADDED ENTRY--TOPICAL TERM | |
| Topical term or geographic name entry element | Management |
| General subdivision | Problems, exercises, etc. |
| 9 (RLIN) | 536 |
| 700 1# - ADDED ENTRY--PERSONAL NAME | |
| Personal name | Hausman, Warren H. |
| 9 (RLIN) | 537 |
| 700 1# - ADDED ENTRY--PERSONAL NAME | |
| Personal name | Bierman, Harold. |
| 9 (RLIN) | 538 |
| 700 1# - ADDED ENTRY--PERSONAL NAME | |
| Personal name | Bierman, Harold. |
| Title of a work | Quantitative analysis for business decisions. |
| 9 (RLIN) | 539 |
| 942 ## - ADDED ENTRY ELEMENTS (KOHA) | |
| Source of classification or shelving scheme | Dewey Decimal Classification |
| Koha item type | Books |
| Withdrawn status | Lost status | Source of classification or shelving scheme | Damaged status | Not for loan | Collection code | Home library | Current library | Shelving location | Date acquired | Source of acquisition | Total Checkouts | Full call number | Barcode | Date last seen | Copy number | Price effective from | Koha item type |
|---|---|---|---|---|---|---|---|---|---|---|---|---|---|---|---|---|---|
| Dewey Decimal Classification | Fiction | IBA Library | IBA Library | General Stacks | 03/07/2000 | Asia Foundtion | 658.4033 B641q 2000 | 00047247 | 06/03/2021 | C-1 | 06/03/2021 | Books | |||||
| Dewey Decimal Classification | Fiction | IBA Library | IBA Library | General Stacks | 03/07/2000 | Asia Foundtion | 658.4033 B641q 2000 | 00047248 | 06/03/2021 | C-2 | 06/03/2021 | Books | |||||
| Dewey Decimal Classification | Fiction | IBA Library | IBA Library | General Stacks | 03/07/2000 | Asia Foundtion | 658.4033 B641q 2000 | 00047249 | 06/03/2021 | C-3 | 06/03/2021 | Books | |||||
| Dewey Decimal Classification | Fiction | IBA Library | IBA Library | General Stacks | 03/07/2000 | Asia Foundtion | 658.4033 B641q 2000 | 00047250 | 06/03/2021 | C-4 | 06/03/2021 | Books |
